Restauración y rehabilitación de edificios
| Main Author: | |
|---|---|
| Format: | Section = Libro |
| Language: | Undetermined Spanish |
| Published: |
Madrid, España
Thomson
2003
|
| Subjects: |
| LEADER | 00583nam a2200205Ia 4500 | ||
|---|---|---|---|
| 008 | 240829s9999 xx 000 0 und d | ||
| 020 | |a 84-283-2854-4 | ||
| 040 | |a BIBLIOTECA-RUSB/ 720.288 C834 | ||
| 041 | |a spa | ||
| 082 | |a 720.288 C834 | ||
| 100 | 1 | |a Coscollano Rodríguez, José | |
| 245 | 1 | 0 | |a Restauración y rehabilitación de edificios |
| 260 | |a Madrid, España |b Thomson |c 2003 | ||
| 300 | |a 341 p. :il. | ||
| 650 | 7 | |a ARQUITECTURA-CONSERVACION Y RESTAURACION | |
| 650 | 7 | |b EDIFICIOS | |
| 650 | 7 | |c EDIFICIOS-REHABILITACION | |
| 942 | |c BK |2 ddc | ||
| 991 | |a TEXTO | ||
| 999 | |c 5018 | ||